000
00249nam a2200109Ia 4500
008
220120s9999||||xx |||||||||||||| ||und||
020
_a
435125303
100
_a
Sasrty, D.H
245
0
_a
Incal 98 procesdings
260
_b
Oxford
300
_a
215p.
_b
0
999
_c
136472
_d
136472